| 000 | 00448nam a2200157Ia 4500 | ||
|---|---|---|---|
| 005 | 20240823065846.0 | ||
| 008 | 240823s9999||||xx |||||||||||||| ||und|| | ||
| 041 | _aENGLISH | ||
| 082 | _A620.118 Q6 | ||
| 100 | _a"Pradeep,P" | ||
| 245 | 0 | _aDevelopment and Characterization of Natural Fiber and Nano Powder Reinforced Polymer Composites | |
| 260 | _c2016 | ||
| 500 | _aYES | ||
| 650 |
_aReinforced Polymer Composites _bMechanical |
||
| 942 | _cTH | ||
| 999 |
_c244363 _d244363 |
||